| 000 | 00583nam a22002057a 4500 | ||
|---|---|---|---|
| 003 | OSt | ||
| 005 | 20140310183131.0 | ||
| 008 | 130603t xxu||||| |||| 00| 0 eng d | ||
| 020 | _a9789712726293 | ||
| 050 |
_aD 767.4 _b.K98 2012 |
||
| 082 |
_aFIL 547292 _bK98 2012 |
||
| 245 |
_aHonor courage faith : _ba Corregidor story / _cKwiecinski, Stephen A. |
||
| 260 |
_aPhilippines : _bAnvil Publishing, Inc., _cc2012. |
||
| 300 |
_axvii, 180 p. _bill. ; _c22 cm. |
||
| 521 | _aCollege Students | ||
| 526 | _c1210L-1700L | ||
| 541 | _j1 | ||
| 562 | _e1 | ||
| 942 |
_2lcc _cBK _kFil |
||
| 999 |
_c19144 _d19144 |
||